[Event "DEM U12 2021"]
[Site "Willingen GER"]
[Date "2021.08.23"]
[Round "2"]
[White "Torosyan, Bagrat"]
[Black "Herrmann, Jakob"]
[Result "1-0"]
[Termination "normal"]
[Board "11"]
[WhiteElo "1598"]
[BlackElo "1531"]
[WhiteClock "00:14:45"]
[BlackClock "00:15:03"]
[PlyCount "131"]
[WhiteFideId "16258134"]
[BlackFideId "16287169"]
[EventCountry "GER"]
[EventRounds "9"]
[EventType "swiss"]
[EventDate "2021.08.22"]

1. e4 {[%clk 01:30:57]} {[%emt 00:00:04]} c6 {[%clk 01:30:52]} {[%emt
00:00:08]} 2. Nc3 {[%clk 01:31:22]} {[%emt 00:00:05]} d5 {[%clk 01:31:18]}
{[%emt 00:00:04]} 3. Nf3 {[%clk 01:31:48]} {[%emt 00:00:04]} g6 {[%clk
01:31:04]} {[%emt 00:00:43]} 4. e5 {[%clk 01:23:43]} {[%emt 00:08:35]} Bg7
{[%clk 01:28:53]} {[%emt 00:02:42]} 5. d4 {[%clk 01:23:42]} {[%emt 00:00:31]}
Nh6 {[%clk 01:14:44]} {[%emt 00:14:39]} 6. Bd3 {[%clk 01:21:22]} {[%emt
00:02:49]} O-O {[%clk 01:14:30]} {[%emt 00:00:45]} 7. h3 {[%clk 01:21:05]}
{[%emt 00:00:46]} f6 {[%clk 01:12:42]} {[%emt 00:02:19]} 8. exf6 {[%clk
01:17:58]} {[%emt 00:03:37]} exf6 {[%clk 01:10:32]} {[%emt 00:02:40]} 9. O-O
{[%clk 01:18:15]} {[%emt 00:00:13]} Nd7 {[%clk 00:58:57]} {[%emt 00:12:06]} 10.
Re1 {[%clk 01:15:43]} {[%emt 00:03:01]} Nb6 {[%clk 00:55:56]} {[%emt 00:03:32]}
11. b3 {[%clk 01:14:36]} {[%emt 00:01:36]} Re8 {[%clk 00:51:18]} {[%emt
00:05:07]} 12. Bf4 {[%clk 01:13:31]} {[%emt 00:01:35]} Be6 {[%clk 00:48:53]}
{[%emt 00:02:56]} 13. Qd2 {[%clk 01:08:48]} {[%emt 00:05:13]} Nf7 {[%clk
00:47:54]} {[%emt 00:01:29]} 14. Re2 {[%clk 01:03:16]} {[%emt 00:06:01]} Qd7
{[%clk 00:45:55]} {[%emt 00:02:29]} 15. Rae1 {[%clk 01:00:40]} {[%emt
00:03:06]} Nd6 {[%clk 00:39:21]} {[%emt 00:07:04]} 16. a4 {[%clk 00:56:36]}
{[%emt 00:04:34]} Rad8 {[%clk 00:32:55]} {[%emt 00:06:56]} 17. a5 {[%clk
00:55:06]} {[%emt 00:02:00]} Nbc8 {[%clk 00:33:16]} {[%emt 00:00:10]} 18. Na4
{[%clk 00:54:46]} {[%emt 00:00:50]} Bf5 {[%clk 00:29:56]} {[%emt 00:03:49]} 19.
Nc5 {[%clk 00:46:24]} {[%emt 00:08:52]} Rxe2 {[%clk 00:29:59]} {[%emt
00:00:27]} 20. Rxe2 {[%clk 00:46:40]} {[%emt 00:00:14]} Qf7 {[%clk 00:30:17]}
{[%emt 00:00:12]} 21. Qe1 {[%clk 00:35:33]} {[%emt 00:11:37]} Bxd3 {[%clk
00:29:30]} {[%emt 00:01:17]} 22. cxd3 {[%clk 00:33:17]} {[%emt 00:02:47]} Bf8
{[%clk 00:27:46]} {[%emt 00:02:14]} 23. b4 {[%clk 00:26:12]} {[%emt 00:07:35]}
a6 {[%clk 00:25:00]} {[%emt 00:03:16]} 24. g4 {[%clk 00:22:51]} {[%emt
00:03:51]} g5 {[%clk 00:24:32]} {[%emt 00:00:58]} 25. Bg3 {[%clk 00:22:55]}
{[%emt 00:00:25]} h5 {[%clk 00:23:23]} {[%emt 00:01:39]} 26. Kg2 {[%clk
00:20:00]} {[%emt 00:03:25]} h4 {[%clk 00:23:23]} {[%emt 00:00:31]} 27. Bxd6
{[%clk 00:20:23]} {[%emt 00:00:07]} Nxd6 {[%clk 00:23:46]} {[%emt 00:00:06]}
28. Qd2 {[%clk 00:19:13]} {[%emt 00:01:41]} Re8 {[%clk 00:22:08]} {[%emt
00:02:09]} 29. Qe1 {[%clk 00:18:14]} {[%emt 00:01:27]} Rxe2 {[%clk 00:21:01]}
{[%emt 00:01:37]} 30. Qxe2 {[%clk 00:18:38]} {[%emt 00:00:06]} Qe7 {[%clk
00:20:54]} {[%emt 00:00:38]} 31. Qxe7 {[%clk 00:18:05]} {[%emt 00:01:02]} Bxe7
{[%clk 00:21:23]} {[%emt 00:00:02]} 32. Nd2 {[%clk 00:18:26]} {[%emt 00:00:08]}
Nb5 {[%clk 00:21:26]} {[%emt 00:00:28]} 33. Ndb3 {[%clk 00:18:27]} {[%emt
00:00:30]} Bxc5 {[%clk 00:21:22]} {[%emt 00:00:33]} 34. dxc5 {[%clk 00:18:09]}
{[%emt 00:00:47]} Nc3 {[%clk 00:20:30]} {[%emt 00:01:22]} 35. Nc1 {[%clk
00:17:01]} {[%emt 00:01:39]} d4 {[%clk 00:17:41]} {[%emt 00:03:19]} 36. Kf3
{[%clk 00:16:24]} {[%emt 00:01:06]} Nd5 {[%clk 00:16:27]} {[%emt 00:01:44]} 37.
Ne2 {[%clk 00:12:17]} {[%emt 00:04:38]} Nxb4 {[%clk 00:13:30]} {[%emt
00:03:26]} 38. Ke4 {[%clk 00:12:20]} {[%emt 00:00:27]} Nd5 {[%clk 00:11:44]}
{[%emt 00:02:16]} 39. Kxd4 {[%clk 00:12:24]} {[%emt 00:00:26]} Kf7 {[%clk
00:11:31]} {[%emt 00:00:44]} 40. Ke4 {[%clk 00:11:43]} {[%emt 00:01:10]} Ne7
{[%clk 00:04:09]} {[%emt 00:07:52]} 41. f4 {[%clk 00:10:13]} {[%emt 00:02:01]}
gxf4 {[%clk 00:04:09]} {[%emt 00:00:29]} 42. Nxf4 {[%clk 00:10:24]} {[%emt
00:00:19]} Ng8 {[%clk 00:03:26]} {[%emt 00:01:13]} 43. Ng2 {[%clk 00:09:26]}
{[%emt 00:01:29]} Ne7 {[%clk 00:29:46]} {[%emt 00:04:10]} 44. Nxh4 {[%clk
00:39:27]} {[%emt 00:00:28]} Nd5 {[%clk 00:25:29]} {[%emt 00:04:47]} 45. Nf5
{[%clk 00:38:11]} {[%emt 00:01:46]} Nc3+ {[%clk 00:25:45]} {[%emt 00:00:15]}
46. Kd4 {[%clk 00:37:56]} {[%emt 00:00:44]} Nb5+ {[%clk 00:25:41]} {[%emt
00:00:35]} 47. Kc4 {[%clk 00:37:20]} {[%emt 00:01:05]} Kg6 {[%clk 00:25:06]}
{[%emt 00:01:05]} 48. Nd6 {[%clk 00:35:44]} {[%emt 00:02:07]} Kg5 {[%clk
00:22:10]} {[%emt 00:03:25]} 49. Nf5 {[%clk 00:31:55]} {[%emt 00:04:19]} Nc7
{[%clk 00:21:32]} {[%emt 00:01:08]} 50. Nd6 {[%clk 00:15:31]} {[%emt 00:16:54]}
Kh4 {[%clk 00:21:42]} {[%emt 00:00:20]} 51. Nxb7 {[%clk 00:15:56]} {[%emt
00:00:05]} Ne6 {[%clk 00:21:49]} {[%emt 00:00:24]} 52. Nd6 {[%clk 00:15:11]}
{[%emt 00:01:15]} Kxh3 {[%clk 00:22:09]} {[%emt 00:00:10]} 53. Ne4 {[%clk
00:15:13]} {[%emt 00:00:27]} Kxg4 {[%clk 00:22:33]} {[%emt 00:00:07]} 54. Nxf6
{[%clk 00:15:31]} {[%emt 00:00:11]} Kf5 {[%clk 00:22:59]} {[%emt 00:00:05]} 55.
Nd7 {[%clk 00:15:43]} {[%emt 00:00:18]} Nd8 {[%clk 00:21:14]} {[%emt 00:02:15]}
56. Nb8 {[%clk 00:15:41]} {[%emt 00:00:31]} Ke6 {[%clk 00:21:18]} {[%emt
00:00:26]} 57. Nxa6 {[%clk 00:14:48]} {[%emt 00:01:23]} Kd7 {[%clk 00:21:29]}
{[%emt 00:00:20]} 58. Nb4 {[%clk 00:14:38]} {[%emt 00:00:40]} Kc7 {[%clk
00:19:02]} {[%emt 00:02:56]} 59. a6 {[%clk 00:14:16]} {[%emt 00:00:52]} Kb8
{[%clk 00:15:34]} {[%emt 00:03:59]} 60. d4 {[%clk 00:13:50]} {[%emt 00:00:55]}
Kc7 {[%clk 00:14:36]} {[%emt 00:01:28]} 61. Kd3 {[%clk 00:13:50]} {[%emt
00:00:29]} Kb8 {[%clk 00:13:43]} {[%emt 00:01:24]} 62. Ke4 {[%clk 00:14:03]}
{[%emt 00:00:17]} Kc7 {[%clk 00:14:08]} {[%emt 00:00:05]} 63. Kf5 {[%clk
00:13:51]} {[%emt 00:00:42]} Kc8 {[%clk 00:14:10]} {[%emt 00:00:29]} 64. Kf6
{[%clk 00:14:12]} {[%emt 00:00:07]} Kb8 {[%clk 00:14:35]} {[%emt 00:00:07]} 65.
Ke7 {[%clk 00:14:37]} {[%emt 00:00:05]} Kc7 {[%clk 00:15:03]} {[%emt 00:00:02]}
66. a7 {[%clk 00:14:45]} {[%emt 00:00:21]} 1-0

[Event "DEM U12 2021"]
[Site "Willingen GER"]
[Date "2021.08.23"]
[Round "2"]
[White "Haubold, Sebastian Marcel"]
[Black "Weber, Nikita"]
[Result "1-0"]
[Termination "normal"]
[Board "12"]
[WhiteElo "1813"]
[BlackElo "1352"]
[WhiteClock "00:02:33"]
[BlackClock "01:16:14"]
[PlyCount "120"]
[WhiteFideId "16259637"]
[BlackFideId "34608770"]
[EventCountry "GER"]
[EventRounds "9"]
[EventType "swiss"]
[EventDate "2021.08.22"]

1. e4 {[%clk 01:30:57]} {[%emt 00:00:03]} d5 {[%clk 01:30:59]} {[%emt
00:00:03]} 2. exd5 {[%clk 01:31:19]} {[%emt 00:00:07]} Qxd5 {[%clk 01:31:26]}
{[%emt 00:00:03]} 3. Nc3 {[%clk 01:31:42]} {[%emt 00:00:07]} Qd8 {[%clk
01:31:54]} {[%emt 00:00:02]} 4. d4 {[%clk 01:31:39]} {[%emt 00:00:33]} Nf6
{[%clk 01:32:19]} {[%emt 00:00:04]} 5. Nf3 {[%clk 01:31:34]} {[%emt 00:00:36]}
e6 {[%clk 01:32:41]} {[%emt 00:00:08]} 6. Bd3 {[%clk 01:30:41]} {[%emt
00:01:22]} Nbd7 {[%clk 01:33:02]} {[%emt 00:00:09]} 7. O-O {[%clk 01:30:13]}
{[%emt 00:00:59]} Be7 {[%clk 01:33:24]} {[%emt 00:00:08]} 8. h3 {[%clk
01:28:09]} {[%emt 00:02:33]} h6 {[%clk 01:33:16]} {[%emt 00:00:38]} 9. Bf4
{[%clk 01:25:31]} {[%emt 00:03:08]} a6 {[%clk 01:33:30]} {[%emt 00:00:17]} 10.
Qe2 {[%clk 01:18:24]} {[%emt 00:07:37]} b6 {[%clk 01:32:38]} {[%emt 00:01:22]}
11. Ne5 {[%clk 01:13:19]} {[%emt 00:05:35]} Nxe5 {[%clk 01:32:35]} {[%emt
00:00:33]} 12. dxe5 {[%clk 01:13:40]} {[%emt 00:00:09]} Nd7 {[%clk 01:32:46]}
{[%emt 00:00:17]} 13. Qg4 {[%clk 01:11:35]} {[%emt 00:02:36]} g5 {[%clk
01:31:00]} {[%emt 00:02:17]} 14. Bh2 {[%clk 01:10:43]} {[%emt 00:01:22]} h5
{[%clk 01:31:03]} {[%emt 00:00:27]} 15. Qf3 {[%clk 01:08:54]} {[%emt 00:02:19]}
Rb8 {[%clk 01:31:14]} {[%emt 00:00:17]} 16. Rad1 {[%clk 01:06:39]} {[%emt
00:02:46]} Bc5 {[%clk 01:27:45]} {[%emt 00:03:56]} 17. Ne4 {[%clk 00:57:55]}
{[%emt 00:09:18]} Bb7 {[%clk 01:24:06]} {[%emt 00:04:09]} 18. Qg3 {[%clk
00:56:53]} {[%emt 00:01:32]} Be7 {[%clk 01:23:16]} {[%emt 00:01:20]} 19. f4
{[%clk 00:54:26]} {[%emt 00:02:57]} g4 {[%clk 01:21:10]} {[%emt 00:02:35]} 20.
hxg4 {[%clk 00:54:30]} {[%emt 00:00:24]} hxg4 {[%clk 01:21:26]} {[%emt
00:00:16]} 21. Qxg4 {[%clk 00:54:40]} {[%emt 00:00:20]} Kf8 {[%clk 01:21:10]}
{[%emt 00:00:46]} 22. Ng5 {[%clk 00:52:47]} {[%emt 00:02:23]} Bc5+ {[%clk
01:19:27]} {[%emt 00:02:14]} 23. Kh1 {[%clk 00:53:10]} {[%emt 00:00:06]} Rg8
{[%clk 01:16:58]} {[%emt 00:02:59]} 24. Bh7 {[%clk 00:46:50]} {[%emt 00:06:50]}
Rg7 {[%clk 01:16:50]} {[%emt 00:00:39]} 25. Rd3 {[%clk 00:37:29]} {[%emt
00:09:52]} Qe7 {[%clk 01:15:50]} {[%emt 00:01:28]} 26. Rg3 {[%clk 00:37:15]}
{[%emt 00:00:44]} Ke8 {[%clk 01:14:19]} {[%emt 00:02:02]} 27. Qh5 {[%clk
00:32:35]} {[%emt 00:05:09]} Nf8 {[%clk 01:13:11]} {[%emt 00:01:38]} 28. Qh6
{[%clk 00:30:21]} {[%emt 00:02:44]} Rg6 {[%clk 01:12:31]} {[%emt 00:01:10]} 29.
Bxg6 {[%clk 00:30:28]} {[%emt 00:00:23]} Nxg6 {[%clk 01:12:53]} {[%emt
00:00:08]} 30. Nxf7 {[%clk 00:30:15]} {[%emt 00:00:42]} Qxf7 {[%clk 01:13:03]}
{[%emt 00:00:21]} 31. Qxg6 {[%clk 00:30:32]} {[%emt 00:00:14]} Qxg6 {[%clk
01:13:23]} {[%emt 00:00:10]} 32. Rxg6 {[%clk 00:30:57]} {[%emt 00:00:06]} Kf7
{[%clk 01:13:49]} {[%emt 00:00:03]} 33. Rf6+ {[%clk 00:31:19]} {[%emt
00:00:07]} Ke7 {[%clk 01:14:10]} {[%emt 00:00:10]} 34. Rg6 {[%clk 00:30:30]}
{[%emt 00:01:19]} Kf7 {[%clk 01:14:35]} {[%emt 00:00:06]} 35. Rg3 {[%clk
00:30:54]} {[%emt 00:00:04]} a5 {[%clk 01:14:37]} {[%emt 00:00:29]} 36. Rd1
{[%clk 00:31:01]} {[%emt 00:00:23]} Bc6 {[%clk 01:14:51]} {[%emt 00:00:17]} 37.
c4 {[%clk 00:25:23]} {[%emt 00:06:07]} Rh8 {[%clk 01:14:40]} {[%emt 00:00:41]}
38. Rf1 {[%clk 00:25:14]} {[%emt 00:00:39]} Be4 {[%clk 01:14:05]} {[%emt
00:01:06]} 39. Rg4 {[%clk 00:23:05]} {[%emt 00:02:38]} Bf5 {[%clk 01:13:05]}
{[%emt 00:01:31]} 40. Rg5 {[%clk 00:23:28]} {[%emt 00:00:07]} Be4 {[%clk
01:13:04]} {[%emt 00:00:30]} 41. Re1 {[%clk 00:21:37]} {[%emt 00:02:21]} Bc6
{[%clk 01:12:56]} {[%emt 00:00:39]} 42. f5 {[%clk 00:21:05]} {[%emt 00:01:02]}
exf5 {[%clk 01:12:16]} {[%emt 00:01:09]} 43. Rxf5+ {[%clk 00:21:21]} {[%emt
00:00:14]} Ke8 {[%clk 01:12:09]} {[%emt 00:00:33]} 44. Ref1 {[%clk 00:13:30]}
{[%emt 00:08:25]} Rg8 {[%clk 01:12:27]} {[%emt 00:00:12]} 45. R5f3 {[%clk
00:13:57]} {[%emt 00:00:04]} Bxf3 {[%clk 01:12:30]} {[%emt 00:00:26]} 46. gxf3
{[%clk 00:13:05]} {[%emt 00:01:22]} Ke7 {[%clk 01:12:44]} {[%emt 00:00:17]} 47.
f4 {[%clk 00:03:27]} {[%emt 00:10:08]} Rf8 {[%clk 01:12:47]} {[%emt 00:00:27]}
48. Kg2 {[%clk 00:01:28]} {[%emt 00:02:29]} Ke6 {[%clk 01:13:12]} {[%emt
00:00:05]} 49. Kf3 {[%clk 00:01:54]} {[%emt 00:00:04]} Bd4 {[%clk 01:13:28]}
{[%emt 00:00:13]} 50. Ke4 {[%clk 00:01:43]} {[%emt 00:00:41]} Bxb2 {[%clk
01:13:30]} {[%emt 00:00:28]} 51. f5+ {[%clk 00:02:09]} {[%emt 00:00:04]} Kd7
{[%clk 01:13:37]} {[%emt 00:00:24]} 52. e6+ {[%clk 00:01:51]} {[%emt 00:00:48]}
Kd8 {[%clk 01:13:35]} {[%emt 00:00:31]} 53. Be5 {[%clk 00:02:11]} {[%emt
00:00:11]} Bxe5 {[%clk 01:13:52]} {[%emt 00:00:12]} 54. Kxe5 {[%clk 00:02:38]}
{[%emt 00:00:04]} Rh8 {[%clk 01:14:12]} {[%emt 00:00:10]} 55. f6 {[%clk
00:02:50]} {[%emt 00:00:18]} Ke8 {[%clk 01:14:29]} {[%emt 00:00:13]} 56. f7+
{[%clk 00:01:40]} {[%emt 00:01:39]} Kf8 {[%clk 01:14:40]} {[%emt 00:00:19]} 57.
Rg1 {[%clk 00:01:24]} {[%emt 00:00:46]} Rh5+ {[%clk 01:15:04]} {[%emt
00:00:06]} 58. Kf6 {[%clk 00:01:43]} {[%emt 00:00:10]} Rh6+ {[%clk 01:15:30]}
{[%emt 00:00:05]} 59. Rg6 {[%clk 00:02:07]} {[%emt 00:00:07]} Rxg6+ {[%clk
01:15:49]} {[%emt 00:00:11]} 60. Kxg6 {[%clk 00:02:33]} {[%emt 00:00:04]} c5
{[%clk 01:16:14]} {[%emt 00:00:05]} 1-0

[Event "DEM U12 2021"]
[Site "Willingen GER"]
[Date "2021.08.23"]
[Round "2"]
[White "Bräutigam, Alexander"]
[Black "Shkundin, Maximilian"]
[Result "0-1"]
[Termination "normal"]
[Board "13"]
[WhiteElo "1555"]
[BlackElo "1263"]
[WhiteClock "01:02:23"]
[BlackClock "01:03:22"]
[PlyCount "64"]
[WhiteFideId "16245210"]
[BlackFideId "16287258"]
[EventCountry "GER"]
[EventRounds "9"]
[EventType "swiss"]
[EventDate "2021.08.22"]

1. d4 {[%clk 01:30:56]} {[%emt 00:00:03]} Nf6 {[%clk 01:30:46]} {[%emt
00:00:14]} 2. c4 {[%clk 01:31:20]} {[%emt 00:00:07]} c5 {[%clk 01:31:12]}
{[%emt 00:00:04]} 3. d5 {[%clk 01:31:38]} {[%emt 00:00:13]} e6 {[%clk
01:31:35]} {[%emt 00:00:07]} 4. Nc3 {[%clk 01:32:00]} {[%emt 00:00:07]} exd5
{[%clk 01:31:52]} {[%emt 00:00:13]} 5. cxd5 {[%clk 01:32:21]} {[%emt 00:00:09]}
d6 {[%clk 01:32:07]} {[%emt 00:00:16]} 6. Nf3 {[%clk 01:32:21]} {[%emt
00:00:28]} g6 {[%clk 01:32:10]} {[%emt 00:00:28]} 7. Bg5 {[%clk 01:32:14]}
{[%emt 00:00:37]} Bg7 {[%clk 01:32:12]} {[%emt 00:00:27]} 8. e4 {[%clk
01:32:30]} {[%emt 00:00:16]} O-O {[%clk 01:31:45]} {[%emt 00:00:57]} 9. Bc4
{[%clk 01:32:09]} {[%emt 00:00:50]} a6 {[%clk 01:31:32]} {[%emt 00:00:43]} 10.
a4 {[%clk 01:31:50]} {[%emt 00:00:49]} Qa5 {[%clk 01:26:29]} {[%emt 00:05:31]}
11. O-O {[%clk 01:30:48]} {[%emt 00:01:31]} Re8 {[%clk 01:24:39]} {[%emt
00:02:21]} 12. Re1 {[%clk 01:30:46]} {[%emt 00:00:33]} Bg4 {[%clk 01:23:31]}
{[%emt 00:01:37]} 13. h3 {[%clk 01:28:04]} {[%emt 00:03:13]} Bxf3 {[%clk
01:23:05]} {[%emt 00:00:56]} 14. Qxf3 {[%clk 01:28:11]} {[%emt 00:00:24]} Nbd7
{[%clk 01:23:00]} {[%emt 00:00:34]} 15. Bf4 {[%clk 01:26:21]} {[%emt 00:02:19]}
Ne5 {[%clk 01:21:11]} {[%emt 00:02:20]} 16. Bxe5 {[%clk 01:26:38]} {[%emt
00:00:14]} Rxe5 {[%clk 01:21:21]} {[%emt 00:00:20]} 17. Qd3 {[%clk 01:25:55]}
{[%emt 00:01:13]} Nh5 {[%clk 01:19:29]} {[%emt 00:02:21]} 18. Qd2 {[%clk
01:20:18]} {[%emt 00:06:08]} Rae8 {[%clk 01:18:27]} {[%emt 00:01:31]} 19. Rf1
{[%clk 01:18:18]} {[%emt 00:02:30]} R5e7 {[%clk 01:17:27]} {[%emt 00:01:29]}
20. g4 {[%clk 01:15:50]} {[%emt 00:02:59]} Nf6 {[%clk 01:11:27]} {[%emt
00:06:30]} 21. Bd3 {[%clk 01:12:19]} {[%emt 00:04:02]} Nd7 {[%clk 01:09:29]}
{[%emt 00:02:27]} 22. f4 {[%clk 01:10:47]} {[%emt 00:02:01]} c4 {[%clk
01:07:20]} {[%emt 00:02:39]} 23. Bxc4 {[%clk 01:03:38]} {[%emt 00:07:40]} Qc5+
{[%clk 01:07:09]} {[%emt 00:00:41]} 24. Kh1 {[%clk 01:03:11]} {[%emt 00:00:57]}
Qxc4 {[%clk 01:07:17]} {[%emt 00:00:23]} 25. f5 {[%clk 01:02:56]} {[%emt
00:00:45]} Bxc3 {[%clk 01:06:29]} {[%emt 00:01:18]} 26. bxc3 {[%clk 01:03:10]}
{[%emt 00:00:17]} Qxe4+ {[%clk 01:06:49]} {[%emt 00:00:09]} 27. Kg1 {[%clk
01:02:40]} {[%emt 00:01:01]} Qe3+ {[%clk 01:06:32]} {[%emt 00:00:47]} 28. Qxe3
{[%clk 01:02:43]} {[%emt 00:00:27]} Rxe3 {[%clk 01:06:57]} {[%emt 00:00:05]}
29. Rab1 {[%clk 01:02:49]} {[%emt 00:00:25]} Nc5 {[%clk 01:06:35]} {[%emt
00:00:51]} 30. fxg6 {[%clk 01:02:54]} {[%emt 00:00:26]} hxg6 {[%clk 01:06:26]}
{[%emt 00:00:39]} 31. Rf6 {[%clk 01:02:57]} {[%emt 00:00:27]} Ne4 {[%clk
01:03:22]} {[%emt 00:03:34]} 32. Rf4 {[%clk 01:02:23]} {[%emt 00:01:02]} Nxc3
{[%emt 00:01:19]} 0-1

[Event "DEM U12 2021"]
[Site "Willingen GER"]
[Date "2021.08.23"]
[Round "2"]
[White "Klaska, Philipp Leon"]
[Black "Wolff, Calvin"]
[Result "1/2-1/2"]
[Termination "normal"]
[Board "14"]
[WhiteElo "1742"]
[BlackElo "1368"]
[WhiteClock "00:07:45"]
[BlackClock "00:17:09"]
[PlyCount "81"]
[WhiteFideId "16238044"]
[BlackFideId "16269969"]
[EventCountry "GER"]
[EventRounds "9"]
[EventType "swiss"]
[EventDate "2021.08.22"]

1. e4 {[%clk 01:30:52]} {[%emt 00:00:08]} e5 {[%clk 01:30:46]} {[%emt
00:00:14]} 2. Nf3 {[%clk 01:31:10]} {[%emt 00:00:12]} Nc6 {[%clk 01:30:58]}
{[%emt 00:00:18]} 3. Bc4 {[%clk 01:31:13]} {[%emt 00:00:28]} Bc5 {[%clk
01:30:57]} {[%emt 00:00:31]} 4. c3 {[%clk 01:31:19]} {[%emt 00:00:24]} Nf6
{[%clk 01:31:14]} {[%emt 00:00:12]} 5. d4 {[%clk 01:31:34]} {[%emt 00:00:15]}
exd4 {[%clk 01:31:35]} {[%emt 00:00:10]} 6. O-O {[%clk 01:31:35]} {[%emt
00:00:29]} dxc3 {[%clk 01:30:49]} {[%emt 00:01:16]} 7. Nxc3 {[%clk 01:30:47]}
{[%emt 00:01:17]} d6 {[%clk 01:29:42]} {[%emt 00:01:37]} 8. Bg5 {[%clk
01:30:18]} {[%emt 00:00:57]} Be6 {[%clk 01:27:15]} {[%emt 00:02:58]} 9. Nd5
{[%clk 01:27:26]} {[%emt 00:03:21]} Bxd5 {[%clk 01:25:44]} {[%emt 00:02:03]}
10. exd5 {[%clk 01:26:26]} {[%emt 00:01:30]} Ne7 {[%clk 01:24:25]} {[%emt
00:01:49]} 11. Re1 {[%clk 01:24:39]} {[%emt 00:02:16]} O-O {[%clk 01:18:22]}
{[%emt 00:06:33]} 12. Bxf6 {[%clk 01:24:00]} {[%emt 00:01:09]} gxf6 {[%clk
01:18:45]} {[%emt 00:00:07]} 13. Nh4 {[%clk 01:22:50]} {[%emt 00:01:39]} Ng6
{[%clk 01:13:07]} {[%emt 00:06:10]} 14. Qh5 {[%clk 01:18:57]} {[%emt 00:04:21]}
f5 {[%clk 01:03:57]} {[%emt 00:09:43]} 15. Nxf5 {[%clk 01:14:51]} {[%emt
00:04:36]} Qf6 {[%clk 01:03:52]} {[%emt 00:00:34]} 16. Re2 {[%clk 01:00:22]}
{[%emt 00:14:56]} Kh8 {[%clk 01:00:47]} {[%emt 00:03:37]} 17. g3 {[%clk
00:54:45]} {[%emt 00:06:03]} Ne5 {[%clk 00:56:28]} {[%emt 00:04:53]} 18. Bb3
{[%clk 00:51:00]} {[%emt 00:04:12]} Rg8 {[%clk 00:51:49]} {[%emt 00:05:11]} 19.
Qh3 {[%clk 00:44:46]} {[%emt 00:06:42]} Nd3 {[%clk 00:49:56]} {[%emt 00:02:26]}
20. Ne3 {[%clk 00:36:50]} {[%emt 00:08:25]} Nf4 {[%clk 00:49:08]} {[%emt
00:01:19]} 21. Qf1 {[%clk 00:36:55]} {[%emt 00:00:23]} Nxe2+ {[%clk 00:49:23]}
{[%emt 00:00:17]} 22. Qxe2 {[%clk 00:37:21]} {[%emt 00:00:04]} Rae8 {[%clk
00:48:40]} {[%emt 00:01:13]} 23. Re1 {[%clk 00:35:01]} {[%emt 00:02:49]} Re5
{[%clk 00:44:14]} {[%emt 00:04:56]} 24. Qd3 {[%clk 00:33:43]} {[%emt 00:01:48]}
Rh5 {[%clk 00:41:27]} {[%emt 00:03:16]} 25. Bd1 {[%clk 00:32:24]} {[%emt
00:01:49]} Bxe3 {[%clk 00:38:16]} {[%emt 00:03:42]} 26. Rxe3 {[%clk 00:30:31]}
{[%emt 00:02:23]} Re5 {[%clk 00:29:00]} {[%emt 00:09:46]} 27. Bc2 {[%clk
00:29:09]} {[%emt 00:01:51]} Qh6 {[%clk 00:27:40]} {[%emt 00:01:50]} 28. Qc3
{[%clk 00:25:32]} {[%emt 00:04:06]} Qg7 {[%clk 00:27:21]} {[%emt 00:00:51]} 29.
Rxe5 {[%clk 00:22:32]} {[%emt 00:03:30]} Qxe5 {[%clk 00:26:44]} {[%emt
00:01:06]} 30. Qxc7 {[%clk 00:21:50]} {[%emt 00:01:13]} Qxd5 {[%clk 00:26:25]}
{[%emt 00:00:48]} 31. Bb3 {[%clk 00:19:15]} {[%emt 00:03:03]} Qf3 {[%clk
00:20:08]} {[%emt 00:06:49]} 32. Qxd6 {[%clk 00:16:12]} {[%emt 00:03:33]} Re8
{[%clk 00:19:52]} {[%emt 00:00:44]} 33. Qd4+ {[%clk 00:13:49]} {[%emt
00:02:53]} f6 {[%clk 00:20:00]} {[%emt 00:00:24]} 34. Qd2 {[%clk 00:10:29]}
{[%emt 00:03:46]} Re2 {[%clk 00:18:45]} {[%emt 00:01:49]} 35. Qd8+ {[%clk
00:10:10]} {[%emt 00:00:45]} Kg7 {[%clk 00:18:55]} {[%emt 00:00:23]} 36. Qg8+
{[%clk 00:10:02]} {[%emt 00:00:38]} Kh6 {[%clk 00:19:14]} {[%emt 00:00:12]} 37.
Qf8+ {[%clk 00:09:08]} {[%emt 00:01:23]} Kg6 {[%clk 00:18:19]} {[%emt
00:01:27]} 38. Qg8+ {[%clk 00:07:41]} {[%emt 00:01:55]} Kh6 {[%clk 00:18:01]}
{[%emt 00:00:49]} 39. Qf8+ {[%clk 00:07:42]} {[%emt 00:00:28]} Kg6 {[%clk
00:17:01]} {[%emt 00:01:31]} 40. Qg8+ {[%clk 00:07:27]} {[%emt 00:00:45]} Kh6
{[%clk 00:17:09]} {[%emt 00:00:22]} 41. Qf8+ {[%clk 00:07:45]} {[%emt
00:00:12]} 1/2-1/2